000 00453nam a2200169Ia 4500
005 20250508151756.0
008 008 250505s9999 xx 000 0 hin d
037 _aTextual
040 _aFEDL
_beng
_cFEDL
041 _ahin
_2eng
084 _a491.435, SHA
_qFEDL
100 _aSharma Jagdish Chandr
_9759956
245 0 _aBhasha vyakaran aur rachana
300 _a173p.
942 _cTEXL
_h491.435, SHA
999 _c1332086
_d1332086